Diccionario español-portugués, português-espanhol : diccionario práctico /
Guardado en:
| Autor Principal: | |
|---|---|
| Formato: | Libro |
| Idioma: | Spanish Portuguese |
| Publicado: |
Barcelona :
Larousse,
1999.
|
| Materias: | |
| Etiquetas: |
Agregar Etiqueta
Sin Etiquetas, Sea el primero en etiquetar este registro!
|
| LEADER | 00805nam a22002415a 4500 | ||
|---|---|---|---|
| 001 | EIQ.libpla002018 | ||
| 008 | 070327s1999####sp#######d####000#0#spa#d | ||
| 005 | 20070327170528.0 | ||
| 245 | 1 | 0 | |a Diccionario español-portugués, português-espanhol : |b diccionario práctico / |c por Helena B. C. Pereira. |
| 260 | |a Barcelona : |b Larousse, |c 1999. | ||
| 300 | |a 632 p. ; |c 18 cm. | ||
| 500 | |a "Pocket". | ||
| 020 | |a 9706079866 | ||
| 100 | 1 | |a Pereira, Helena B. C. | |
| 082 | 0 | 0 | |a 463/.31 |
| 650 | 4 | |a Español-portugués |x Diccionarios. | |
| 650 | 4 | |a Portugues-español |x Diccionarios. | |
| 650 | 4 | |a Portuguese-spanish |x Dictionaries. | |
| 650 | 4 | |a Spanish-portuguese |x Dictionaries. | |
| 010 | |a 76453840 | ||
| 040 | |a DLC |c DLC |d AR-BbSID | ||
| 041 | 0 | |a spa |a por | |
| 859 | |a AR-BbSID |b BIB. PLAPIQUI |h 413 |i P 414 |k R |p 5466 | ||
